000 00674nam a2200241Ia 4500
003 OSt
005 20220926002544.0
006 a|||||r|||| 00| 0
007 ta
008 220923b |||||||| |||| 00| 0 eng d
037 _cGeneral Book
040 _aRTL
_cRTL
_beng
041 _2eng
_aeng
082 _aX9:77.2.N7, L1
100 _aKulkarni MR
_9306034
245 0 _aIndustrial development
260 _a New Delhi
_bNational Book Trust India
_c1971
300 _a327p.
_ccm.
490 _aIndia the land and people sereos
650 _aIndustrial Economics
942 _hX9:77.2.N7, L1
_cGB
_2CC
999 _c605405
_d605405